| 000 -CABECERA |
| Campo de control de longitud fija |
00850nam a22001817a 4500 |
| 005 - FECHA Y HORA DE LA ÚLTIMA TRANSACCIÓN |
| Campo de control |
20240313133715.0 |
| 008 - CAMPO FIJO DE DESCRIPCIÓN FIJA--INFORMACIÓN GENERAL |
| Campo de control de longitud fija |
230717b ||||| |||| 00| 0 eng d |
| 040 ## - FUENTE DE CATALOGACIÓN |
| Agencia de catalogación original |
CDMR |
| 110 1# - ENCABEZAMIENTO PRINCIPAL--NOMBRE CORPORATIVO |
| 9 (RLIN) |
2829 |
| Nombre corporativo o de jurisdicción como elemento de entrada |
Barcelona |
| Unidad subordinada |
-- Ajuntament. Departament de Promoció de les Persones Grans |
| 245 ## - MENCIÓN DE TÍTULO |
| Título |
Com combatre l'edatisme vers les persones grans |
| Parte restante del título |
: de la teoria a la pràctica : Guia Maig 2023 |
| Mención de responsabilidad, etc. |
/ Ajuntament de Barcelona. Departament de Promoció de les Persones Grans |
| 260 ## - PUBLICACIÓN, DISTRIBUCIÓN, ETC (PIE DE IMPRENTA) |
| Lugar de publicación, distribución, etc. |
Barcelona : |
| Nombre del editor, distribuidor, etc. |
Ajuntament, |
| Fecha de publicación, distribución, etc. |
2023 |
| 300 ## - DESCRIPCIÓN FÍSICA |
| Extensión |
47 pàgines |
| 650 #0 - ASIENTO SECUNDARIO DE MATERIA--TÉRMINO DE MATERIA |
| 9 (RLIN) |
4942 |
| Nombre de materia o nombre geográfico como elemento de entrada |
Edatisme |
| 650 #0 - ASIENTO SECUNDARIO DE MATERIA--TÉRMINO DE MATERIA |
| 9 (RLIN) |
4943 |
| Nombre de materia o nombre geográfico como elemento de entrada |
Discriminació per l'edat |
| 650 #0 - ASIENTO SECUNDARIO DE MATERIA--TÉRMINO DE MATERIA |
| 9 (RLIN) |
983 |
| Nombre de materia o nombre geográfico como elemento de entrada |
Ètica periodística |
| Subdivisión de forma |
Manuals d'estil |
| 856 ## - ACCESO ELECTRÓNICO |
| Identificador uniforme del recurso URI |
<a href="https://ajuntament.barcelona.cat/dretssocials/sites/default/files/arxius-documents/com_combatre_ledatisme_vers_les_persones_grans.pdf">https://ajuntament.barcelona.cat/dretssocials/sites/default/files/arxius-documents/com_combatre_ledatisme_vers_les_persones_grans.pdf</a> |
| Nota Pública |
Accés en línia |
| 942 ## - ELEMENTOS KOHA |
| Fuente de clasificación o esquema de ordenación en estanterías |
|
| Koha tipo de item |
Fullets |